Normal view
MARC view
- Models, Neurological
Entry Topical Term
001 - CONTROL NUMBER
- control field: 113108
003 - CONTROL NUMBER IDENTIFIER
- control field: NUST
005 - DATE AND TIME OF LATEST TRANSACTION
- control field: 20230608155748.0
008 - FIXED-LENGTH DATA ELEMENTS
- fixed length control field: 230608|| aca||aabn | a|a d
040 ## - CATALOGING SOURCE
- Original cataloging agency: NUST
- Transcribing agency: NUST
150 ## - HEADING--TOPICAL TERM
- Topical term or geographic name entry element: Models, Neurological
670 ## - SOURCE DATA FOUND
- Source citation: Work cat.: (NUST)193446: Amit, D. J., 113106, Modeling brain function :, 1989.
